Keeping God's covenant. / (Record no. 9375)

MARC details
000 -LEADER
fixed length control field 01627nam a22002537a 4500
003 - CONTROL NUMBER IDENTIFIER
control field AUA.1
005 - DATE AND TIME OF LATEST TRANSACTION
control field 20130424115811.0
008 - FIXED-LENGTH DATA ELEMENTS--GENERAL INFORMATION
fixed length control field 130319t xxu||||| |||| 00| 0 eng d
040 ## - CATALOGING SOURCE
Transcribing agency A1
050 ## - LIBRARY OF CONGRESS CALL NUMBER
Classification number BT155
Item number .H36 2006
100 ## - MAIN ENTRY--PERSONAL NAME
Personal name Hanko, Herman
9 (RLIN) 32509
245 ## - TITLE STATEMENT
Title Keeping God's covenant. /
Statement of responsibility, etc Herman Hanko and David J. Engelsma.
260 ## - PUBLICATION, DISTRIBUTION, ETC. (IMPRINT)
Place of publication, distribution, etc [England?] :
Name of publisher, distributor, etc British Reformed Fellowship,
Date of publication, distribution, etc c2006.
300 ## - PHYSICAL DESCRIPTION
Extent vi, 94 p. ;
Dimensions 22 cm.
500 ## - GENERAL NOTE
General note "The six chapters of this book were originally the six main addresses at the 2004 British Reformed Fellowship (BRF) Biennial Family Conference at High Leigh, Hertfordshire, England."
650 ## - SUBJECT ADDED ENTRY--TOPICAL TERM
Topical term or geographic name as entry element Covenant Theology
9 (RLIN) 32510
700 ## - ADDED ENTRY--PERSONAL NAME
Personal name Engelsma, David J.
9 (RLIN) 32511
942 ## - ADDED ENTRY ELEMENTS (KOHA)
Source of classification or shelving scheme Library of Congress Classification
Koha item type Books
Classification part BT 155
Item part .H36 2006
Holdings
Withdrawn status Lost status Source of classification or shelving scheme Damaged status Not for loan Collection code Home library Current library Shelving location Date acquired Source of acquisition Cost, normal purchase price Serial Enumeration / chronology Full call number Barcode Date last seen Cost, replacement price Price effective from Koha item type Total Checkouts Date checked out Copy number
    Library of Congress Classification     Books Judith Thomas Library Judith Thomas Library General Stacks 19/03/2013 Donation, Theological Book Network 10.00 AUA013037 BT 155 .H36 2006 AUA013037 19/03/2013 10.00 19/03/2013 Books      
    Library of Congress Classification     Books Judith Thomas Library Judith Thomas Library General Stacks 23/04/2013 Donation, Theological Book Network 10.00 AUA013076 BT 155 .H36 2006 AUA013076 03/03/2017 10.00 23/04/2013 Books 1 02/03/2017 2
    Library of Congress Classification     Books Judith Thomas Library Judith Thomas Library General Stacks 23/04/2013 Donation, Theological Book Network 10.00 AUA013077 BT 155 .H36 2006 AUA013077 23/04/2013 10.00 23/04/2013 Books     3
    Library of Congress Classification     Books Judith Thomas Library Judith Thomas Library General Stacks 23/04/2013 Donation, Theological Book Network 10.00 AUA013078 BT 155 .H36 2006 AUA013078 20/05/2018 10.00 23/04/2013 Books 1 16/05/2018 4
    Library of Congress Classification     Books Judith Thomas Library Judith Thomas Library General Stacks 24/04/2013 Donation, Theological Book Network 10.00 AUA013431 BT 155 .H36 2006 AUA013431 24/04/2013 10.00 24/04/2013 Books     5